000 00511nam a2200181 a 4500
005 20240426063841.0
008 991125s1957 ea 000 0 spa u
035 _aUPN01000003897
049 _aCG
050 4 _aLB1575.5
_bA6.3
245 0 0 _aAprende a escribir.
250 _a3a ed.
260 _aWashington :
_bLatinoamericana de Educación Fundamental,
_c1957.
300 _a53 p. :
_bil.
440 0 _aBiblioteca popular latinoamericana
650 4 _aEscritura
_xEstudio y enseƱanza
_96154
905 _aLibro
999 _c3897
_d3897